| 000 | 00446cam a2200169 4500 | ||
|---|---|---|---|
| 001 | D14484 | ||
| 008 | 090401t1947 xxu||||| |||| 00| 0 eng d | ||
| 035 | _a(Sirsi) u15993 | ||
| 041 | _aeng | ||
| 100 | _aWillis, Arthur J | ||
| 245 | _aRevisions to the Standard Method of Measuement of building works: a summary | ||
| 260 |
_aLondon _bCrosby Lockwood and Son _c1947 |
||
| 350 | _a0 | ||
| 520 | _aShelf 137 | ||
| 942 | _n0 | ||
| 948 | _c04/03/1997 | ||
| 999 |
_c87337 _d87337 |
||